100 największych miast w Japonii! - Statystyki

Ogólne statystyki
  • Ten quiz został rozwiązany 355 razy
  • Średni wynik to 22 z 100
Statystyki odpowiedzi
Nr Miasto Regiony Ludność % Poprawnych
1 Tokio / 東京特別区部 Kantō 9,375,104
98%
3 Osaka / 大阪市 Kinki / Kansai 2,691,185
91%
11 Hiroszima / 広島市 Chūgoku 1,199,391
85%
38 Nagasaki / 長崎市 Kyūshū & Okinawa 448,792
83%
5 Sapporo / 札幌市 Hokkaidō 1,976,257
80%
9 Kioto / 京都市 Kinki / Kansai 1,464,890
77%
2 Jokohama / 横浜市 Kantō 3,732,616
71%
4 Nagoja / 名古屋市 Tōkai 2,327,557
66%
8 Kobe / 神戸市 Kinki / Kansai 1,524,601
62%
6 Fukuoka / 福岡市 Kyūshū & Okinawa 1,588,924
53%
7 Kawasaki / 川崎市 Kantō 1,531,646
47%
12 Sendai / 仙台市 Tōhoku 1,091,407
41%
76 Fukushima / 福島市 Tōhoku 289,355
40%
55 Nagano / 長野市 Chūbu 365,950
39%
54 Nara / 奈良市 Kinki / Kansai 367,393
35%
13 Chiba / 千葉市 Kantō 979,768
34%
10 Saitama / さいたま市 Kantō 1,324,854
34%
16 Niigata / 新潟市 Chūbu 797,591
32%
20 Shizuoka / 静岡市 Chūbu 710,944
32%
41 Toyota / 豊田市 Chūbu 420,286
32%
19 Okayama / 岡山市 Chūgoku 720,841
31%
71 Aomori / 青森市 Tōhoku 305,884
29%
22 Kagoshima / 鹿児島市 Kyūshū & Okinawa 605,196
27%
14 Kitakyushu / 北九州市 Kyūshū & Okinawa 940,978
27%
65 Akita / 秋田市 Tōhoku 329,287
26%
21 Hamamatsu / 浜松市 Chūbu 690,881
26%
27 Matsuyama / 松山市 Shikoku 515,068
26%
34 Ōita / 大分市 Kyūshū & Okinawa 467,267
26%
17 Kumamoto / 熊本市 Kyūshū & Okinawa 738,907
25%
69 Naha / 那覇市 Kyūshū & Okinawa 314,162
25%
98 Fuji / 富士市 Chūbu 237,279
24%
26 Himeji / 姫路市 Kinki / Kansai 536,170
23%
53 Miyazaki / 宮崎市 Kyūshū & Okinawa 369,473
23%
94 Saga / 佐賀市 Kyūshū & Okinawa 239,932
23%
15 Sakai / 堺市 Kinki / Kansai 828,741
22%
74 Morioka / 盛岡市 Tōhoku 299,746
21%
52 Okazaki / 岡崎市 Chūbu 371,380
19%
18 Sagamihara / 相模原市 Kantō 723,470
18%
35 Fukuyama Chūgoku 461,368
16%
23 Funabashi / 船橋市 Kantō 586,762
16%
44 Gifu / 岐阜市 Chūbu 412,779
16%
81 Hakodate / 函館市 Hokkaidō 277,056
16%
83 Ibaraki / 茨木市 Kinki / Kansai 272,240
16%
37 Kanazawa / 金沢市 Chūbu 455,595
16%
25 Kawaguchi / 川口市 Kantō 552,883
16%
92 Kure / 呉市 Chūgoku 246,118
16%
96 Matsumoto / 松本市 Chūbu 238,776
15%
40 Toyama / 富山市 Chūbu 421,116
15%
77 Tsu / 津市 Kinki / Kansai 289,215
14%
29 Utsunomiya / 宇都宮市 Kantō 507,833
14%
42 Takamatsu / 高松市 Shikoku 418,557
13%
24 Hachiōji / 八王子市 Kantō 567,367
12%
68 Maebashi / 前橋市 Kantō 318,058
12%
30 Matsudo / 松戸市 Kantō 477,603
12%
61 Takasaki / 高崎市 Kantō 341,838
12%
51 Wakayama / 和歌山市 Kinki / Kansai 372,175
12%
84 Fukui / 福井市 Chūbu 268,574
11%
60 Kōchi / 高知市 Shikoku 342,944
11%
62 Kōriyama / 郡山市 Tōhoku 339,395
11%
49 Toyohashi / 豊橋市 Chūbu 377,045
11%
39 Yokosuka / 横須賀市 Kantō 421,397
11%
93 Hachinohe / 八戸市 Tōhoku 241,613
10%
47 Kashiwa / 柏市 Kantō 389,036
10%
79 Nagaoka / 長岡市 Chūbu 281,222
10%
31 Nishinomiya / 西宮市 Kinki / Kansai 477,056
10%
66 Ōtsu / 大津市 Kinki / Kansai 329,024
10%
90 Sasebo / 佐世保市 Kyūshū & Okinawa 254,650
10%
86 Tokushima / 徳島市 Shikoku 266,370
10%
58 Asahikawa / 旭川市 Hokkaidō 350,511
9%
80 Ichihara / 市原市 Kantō 279,591
9%
59 Iwaki / いわき市 Tōhoku 349,947
9%
64 Kawagoe / 川越市 Kantō 335,693
9%
72 Kurume / 久留米市 Kyūshū & Okinawa 305,147
9%
36 Amagasaki Kinki / Kansai 461,202
8%
46 Fujisawa / 藤沢市 Kantō 402,628
8%
28 Higashiōsaka / 東大阪市 Kinki / Kansai 509,157
8%
33 Ichikawa / 市川市 Kantō 470,149
8%
50 Ichinomiya / 一宮市 Chūbu 375,939
8%
32 Kurashiki / 倉敷市 Chūgoku 472,452
8%
43 Machida / 町田市 Kantō 413,786
8%
78 Shimonoseki / 下関市 Chūgoku 286,073
8%
48 Toyonaka / 豊中市 Kinki / Kansai 387,269
8%
75 Akashi / 明石市 Kinki / Kansai 292,162
7%
45 Hirakata / 枚方市 Kinki / Kansai 406,201
6%
67 Koshigaya / 越谷市 Kantō 318,592
6%
87 Mito / 水戸市 Kantō 264,062
6%
97 Sōka / 草加市 Kantō 237,964
6%
57 Takatsuki / 高槻市 Kinki / Kansai 354,228
6%
63 Tokorozawa / 所沢市 Kantō 338,560
6%
89 Yamagata / 山形市 Tōhoku 255,370
6%
82 Yao / 八尾市 Kinki / Kansai 273,244
6%
70 Yokkaichi / 四日市市 Kinki / Kansai 306,584
6%
100 Chigasaki / 茅ヶ崎市 Kantō 231,005
4%
85 Kakogawa / 加古川市 Kinki / Kansai 267,631
4%
99 Kasukabe / 春日部市 Kantō 236,854
4%
56 Suita / 吹田市 Kinki / Kansai 354,600
4%
91 Fuchū / 府中市 Kantō 248,445
3%
88 Hiratsuka / 平塚市 Kantō 260,419
3%
73 Kasugai / 春日井市 Chūbu 300,713
3%
95 Neyagawa / 寝屋川市 Kinki / Kansai 239,029
3%
Nie znaleziono quizów pasujących do podanych kryteriów
Rozkład punktacji
Procent ludzi z każdym wynikiem
Percentyl według liczby udzielonych odpowiedzi
Twoja historia wyników
Nie rozwiązałeś tego quizu